| 000 | 00933cam a2200157ua 4500 | ||
|---|---|---|---|
| 041 |
_aeng _h |
||
| 082 |
_a693 _bIND/GL |
||
| 110 | 1 |
_aIndian Standards Institution . _b _c(New Delhi ) |
|
| 245 |
_aGlossary of terms relating to building finishes / _cIndian Standards Institution. _hTextual Documents |
||
| 250 |
_a1 / _b. |
||
| 260 |
_aNew Delhi : _bIndian Standards Institution , _c1983. |
||
| 300 | _a9 ; . | ||
| 504 | _a | ||
| 942 | _cBK | ||
| 999 |
_c7060 _d7060 |
||